000 00468nam a22001937a 4500
003 MPLRDC
005 20220104124505.0
008 210129b ||||| |||| 00| 0 eng d
020 _a7-5324-0079-4
082 _a859.3 SNWK v.7
100 _a李庚钧等著
245 _a词汇趣谈
_c
250 _a一版四刷
260 _a
_b少年儿童出版社
_c1990
300 _b
490 _a少儿文库
650 _a儿童知识
942 _cBK
_o859.3 SNWK v.7
999 _c19743
_d19733